| 000 | 00393nam a2200157 4500 | ||
|---|---|---|---|
| 008 | 230731b xxu||||| |||| 00| 0 eng d | ||
| 020 | _a0160358574 | ||
| 082 |
_a370 _bALS |
||
| 100 | _cNabeel Alsalam | ||
| 245 |
_aThe Condition of Education 1991 _bVolume 2 _cPostsecondary Education |
||
| 260 | _c1991 | ||
| 300 | _a293p | ||
| 440 | _v2 | ||
| 700 | _cGayle Thompson Roger | ||
| 942 |
_2ddc _cBK |
||
| 999 |
_c4005 _d4005 |
||